| 000 | 00441nam a2200169Ia 4500 | ||
|---|---|---|---|
| 003 | GCL | ||
| 008 | 140319s9999 xx 000 0 eng d | ||
| 040 |
_aGCL / _cGCL |
||
| 082 | 0 | 4 |
_a808.80355 _bR H |
| 100 | 1 | _aRICHIE, DANOLD | |
| 245 | 1 | 0 |
_aTHE HONORABLE VISITORS / _cRICHIE, DANOLD |
| 260 |
_a[S.N] : _bCHARLES E. TUTTLE COMPANY ، _c1994 |
||
| 300 | _a167 P | ||
| 650 | 0 | 4 | _aLITERATURE |
| 650 | 0 | 4 | _aTRAVEL LITERATURE |
| 942 |
_2ddc _cBK |
||
| 999 |
_c12041 _d12041 |
||